La revolución peninsular / (Record no. 158996)

MARC details
000 -LEADER
campo de control de longitud fija 00661nam a22001695i 4500
001 - NÚMERO DE CONTROL
campo de control 158996
003 - IDENTIFICADOR DE NÚMERO DE CONTROL
campo de control ES-MaACL
005 - FECHA Y HORA DE LA ÚLTIMA TRANSACCIÓN
campo de control 20230906211416.0
008 - DATOS DE LONGITUD FIJA--INFORMACIÓN GENERAL
campo de control de longitud fija 040913s1881 sp |||| | spa d
100 1# - ENTRADA PRINCIPAL--NOMBRE DE PERSONA
Nombre de persona Martínez Lumbreras, Frutos.
9 (RLIN) 129633
245 13 - MENCIÓN DEL TÍTULO
Título La revolución peninsular /
Mención de responsabilidad, etc. Frutos Martínez Lumbreras.
260 ## - PUBLICACIÓN, DISTRIBUCIÓN, ETC.
Lugar de publicación, distribución, etc. Madrid :
Nombre del editor, distribuidor, etc. [s.n.],
Fecha de publicación, distribución, etc. 1881 (
Fabricante Tip. Gutenberg)
300 ## - DESCRIPCIÓN FÍSICA
Extensión 118, [2] p. ;
Dimensiones 18 cm.
651 #4 - PUNTO DE ACCESO ADICIONAL DE MATERIA--NOMBRE GEOGRÁFICO
Nombre geográfico España-
Subdivisión general Relaciones-
Subdivisión geográfica Portugal.
9 (RLIN) 8476
651 #4 - PUNTO DE ACCESO ADICIONAL DE MATERIA--NOMBRE GEOGRÁFICO
Nombre geográfico Portugal-
Subdivisión general Relaciones-
Subdivisión geográfica España.
9 (RLIN) 9269
852 ## - LOCALIZACIÓN
Ubicación ES-MaACL
Número de control de estantería T-398-F-13
Nota libre - Enc. hol., falto de cub. original
-- - Dedicatoria autógrafa del autor
-- - Enc. en un vol. facticio
Holdings
Estatus retirado Estado de pérdida Estado de daño No para préstamo Colección Biblioteca de origen Biblioteca actual Ubicación en estantería Fecha de adquisición Total de préstamos Signatura topográfica completa Código de barras Visto por última vez Precio de reemplazo Tipo de ítem Koha
        Colección de folletos Biblioteca del Ateneo de Madrid Biblioteca del Ateneo de Madrid Depósito folletos 17/01/2008   T-398-F-13 1166437 23/02/2023 23/02/2023 Folleto